000 00594nam a2200229Ia 4500
003 OSt
005 20220923230353.0
006 a|||||r|||| 00| 0
007 ta
008 Pun
024 _a279,881
037 _cTextual
040 _aARTS
_cARTS
_bPun
041 _2Pun
_aPun
082 _aO153,1NPRx, L7
100 _aਸਿੰਘ, ਪ੍ਰੇਮ
245 0 _aਸੁੱਤਾ ਇFਕ ਜਾਗਿਆ
260 _c1977
650 _aਪੰਜਾਬੀ ਸਾਹਿਤ
942 _hO153,1NPRx, L7
_cTEXL
_2CC
999 _c384328
_d384328